Statistics for Stations with a train service to Cambridge (UK)

Click here to take the quiz!

General Stats

  • This quiz has been taken 7 times
  • The average score is 44 of 98

Answer Stats

OperatorAnswer% Correct
CrossCountryBirmingham New Street
71%
Greater AngliaBishop's Stortford
71%
Greater AngliaBrandon
71%
ThameslinkBrighton
71%
Greater Anglia, Great NorthernCambridge North
71%
Greater Anglia, Great Northern, CrossCountryEly
71%
Great NorthernKings Lynn
71%
CrossCountryLeicester
71%
ThameslinkLondon Blackfriars
71%
Great Northern, ThameslinkLondon Kings Cross
71%
CrossCountryPeterborough
71%
Greater Anglia, CrossCountryStansted Airport
71%
Great Northern, ThameslinkAshwell & Morden
57%
Greater AngliaAttleborough
57%
Greater Anglia, CrossCountryAudley End
57%
Greater AngliaBroxbourne
57%
Greater AngliaBury St Edmunds
57%
ThameslinkCity Thameslink
57%
ThameslinkEast Croydon
57%
ThameslinkFarringdon
57%
Great Northern, ThameslinkFinsbury Park
57%
ThameslinkGatwick Airport
57%
Greater AngliaIpswich
57%
Greater AngliaLakenheath
57%
ThameslinkLondon Bridge
57%
Greater AngliaLondon Liverpool Street
57%
ThameslinkLondon St Pancras International
57%
Greater AngliaNewport
57%
Greater AngliaNorwich
57%
ThameslinkPreston Park
57%
Greater AngliaShippea Hill
57%
Greater AngliaStowmarket
57%
Greater AngliaThetford
57%
Greater Anglia, Great NorthernWaterbeach
57%
Great NorthernAlexandra Palace
43%
Great Northern, ThameslinkBaldock
43%
CrossCountryBristol Parkway
43%
CrossCountryBristol Temple Meads
43%
ThameslinkBurgess Hill
43%
Greater AngliaCheshunt
43%
CrossCountryColeshill Parkway
43%
Great NorthernDownham Market
43%
Greater AngliaElsenham
43%
Greater AngliaGreat Chesterford
43%
Greater AngliaHackney Downs
43%
Greater AngliaHarlow Mill
43%
Greater AngliaHarlow Town
43%
Greater AngliaHarwich International
43%
ThameslinkHassocks
43%
Great NorthernHatfield
43%
ThameslinkHaywards Heath
43%
CrossCountryHinckley
43%
Great Northern, ThameslinkHitchin
43%
Great NorthernKnebworth
43%
Great NorthernLittleport
43%
CrossCountryManea
43%
CrossCountryMarch
43%
Great NorthernMeldreth
43%
Greater AngliaNewmarket
43%
CrossCountryOakham
43%
Great NorthernPotters Bar
43%
Greater AngliaRoydon
43%
Great Northern, ThameslinkRoyston
43%
Greater AngliaSawbridgeworth
43%
Greater AngliaShelford
43%
Great NorthernShepreth
43%
CrossCountryStamford
43%
Great Northern, ThameslinkStevenage
43%
ThameslinkThree Bridges
43%
Greater AngliaTottenham Hale
43%
Great NorthernWatlington
43%
Great NorthernWelwyn Garden City
43%
Great NorthernWelwyn North
43%
Greater AngliaWhittlesford Parkway
43%
Greater AngliaWymondham
43%
CrossCountryAshchurch for Tewkesbury
29%
CrossCountryCheltenham Spa
29%
Greater AngliaEccles Road
29%
Greater AngliaElmswell
29%
Great NorthernFoxton
29%
CrossCountryGloucester
29%
Greater AngliaHarling Road
29%
Greater AngliaKennett
29%
CrossCountryMelton Mowbray
29%
CrossCountryNarborough
29%
Greater AngliaNeedham Market
29%
CrossCountryNuneaton
29%
Greater AngliaSeven Sisters
29%
CrossCountrySouth Wigston
29%
Greater AngliaSpooner Row
29%
Greater AngliaStratford
29%
Greater AngliaThurston
29%
Greater AngliaDullingham
14%
Greater AngliaLea Bridge
14%
Great Northern, ThameslinkLetchworth Garden City
14%
CrossCountryUniversity
14%
CrossCountryWhittlesea
14%
CrossCountryWorcestershire Parkway
14%

Score Distribution

Percentile by Number Answered

Percent of People with Each Score

Your Score History

You have not taken this quiz